|
|
|
|
| LEADER |
01958nam a2200469 a 4500 |
| 001 |
000770119 |
| 003 |
CZ BrMZK |
| 005 |
20141219114604.0 |
| 007 |
ta |
| 008 |
050411s2005 xr a frf 000 0 cze d |
| 020 |
|
|
|q (brož.)
|
| 040 |
|
|
|a BOA001
|b cze
|
| 043 |
|
|
|a e-xr---
|
| 072 |
|
7 |
|a 502
|x Životní prostředí a jeho ochrana
|2 Konspekt
|9 2
|
| 080 |
|
|
|a 35
|2 MRF
|
| 080 |
|
|
|a 35.076
|2 MRF
|
| 080 |
|
|
|a 502.17
|2 MRF
|
| 080 |
|
|
|a 349.6
|2 MRF
|
| 080 |
|
|
|a 342.727
|2 MRF
|
| 080 |
|
|
|a (437.3)
|2 MRF
|
| 080 |
|
|
|a (035)
|2 MRF
|
| 100 |
1 |
|
|a Dohnal, Vítězslav,
|d 1973-
|7 jo20000075501
|4 aut
|
| 245 |
1 |
0 |
|a Stát, obec, kraj a občan při ochraně životního prostředí /
|c Vítězslav Dohnal, Pavel Černý. Kompetence jednotlivých orgánů veřejné správy na úseku ochrany životního prostředí / Dominika Glacová
|
| 250 |
|
|
|a 3., přeprac. vyd.
|
| 260 |
|
|
|a Praha :
|b Ministerstvo životního prostředí,
|c 2005
|
| 300 |
|
|
|a 80 s. ;
|c 30 cm
|
| 490 |
1 |
|
|a Planeta,
|x 1801-6898 ;
|v roč. 13, č. 1/2005
|
| 500 |
|
|
|a Na obálce pod názvem: Ekologický právní servis
|
| 650 |
0 |
7 |
|a veřejná správa
|7 ph127076
|z Česko
|2 czenas
|
| 650 |
0 |
7 |
|a působnost veřejné správy
|7 ph162057
|z Česko
|2 czenas
|
| 650 |
0 |
7 |
|a ochrana životního prostředí
|7 ph115553
|z Česko
|2 czenas
|
| 650 |
0 |
7 |
|a právo životního prostředí
|7 ph115918
|z Česko
|2 czenas
|
| 650 |
0 |
7 |
|a právo na informace
|7 ph124724
|z Česko
|2 czenas
|
| 655 |
|
7 |
|a příručky
|7 fd133209
|2 czenas
|
| 700 |
1 |
|
|a Černý, Pavel,
|d 1973-
|7 xx0000194
|4 aut
|
| 700 |
1 |
2 |
|a Glacová, Dominika,
|d 1977-
|7 ola2002144550
|
| 830 |
|
0 |
|a Planeta (Ministerstvo životního prostředí)
|0 s
|
| 856 |
4 |
1 |
|u http://www.digitalniknihovna.cz/mzk/uuid/uuid:cbbd5410-8746-11e3-bd09-005056827e51
|y Digitalizovaný dokument
|x NDK
|
| 910 |
|
|
|a BOA001
|b 4-1149.942
|
| 990 |
|
|
|a BK
|
| 991 |
|
|
|b 200506
|c NOV
|
| 996 |
6 |
|
|b 2610248153
|c 4-1149.942
|l MZK
|r Sklad / do 1 hodiny
|n 10
|p p.v.
|w 000770119
|u 000010
|a 1
|e BOA001
|j MZK50
|s P
|